| 000 | 01201cam a2200325 a 4500 | ||
|---|---|---|---|
| 001 | 2616700 | ||
| 003 | NUST-PNEC | ||
| 005 | 20170114142507.0 | ||
| 008 | 980909s1999 nyua b 001 0 eng | ||
| 010 | _a 98037591 | ||
| 020 | _a0471154962 (cloth : alk. paper) | ||
| 040 |
_aDLC _cDLC _dDLC |
||
| 050 | 0 | 0 |
_aQA401 _b.K7 1999 |
| 082 | 0 | 0 | _a510 KRE |
| 100 | 1 | _aKreyszig, Erwin. | |
| 245 | 1 | 0 |
_aAdvanced engineering mathematics / _cErwin Kreyszig. |
| 250 | _a8th ed. | ||
| 260 |
_aNew York : _bWiley, _cc1999. |
||
| 300 |
_a1 v. (various pagings) : _bcol. ill. ; _c27 cm. |
||
| 500 | _aIncludes index. | ||
| 504 | _aIncludes bibliographical references and index. | ||
| 650 | 0 |
_aEngineering mathematics. _xME |
|
| 650 | 0 | _aMathematical physics. | |
| 856 | 4 | 2 |
_3Publisher description _uhttp://www.loc.gov/catdir/description/wiley033/98037591.html |
| 856 | 4 |
_3Table of Contents _uhttp://www.loc.gov/catdir/toc/onix04/98037591.html |
|
| 906 |
_a7 _bcbc _corignew _d1 _eocip _f19 _gy-gencatlg |
||
| 942 |
_2ddc _cBK |
||
| 999 |
_c60034 _d60034 |
||